Statistics for Titans Starting Lineup 2022

Click here to take the quiz!

General Stats

  • This quiz has been taken 11 times
  • The average score is 14 of 23

Answer Stats

HintAnswer% Correct
FSByard
100%
RBHenry
100%
QBTannehill
100%
WR2Burks
90%
LDESimmons
90%
WR1Woods
90%
TEHooper
80%
CJones
80%
RCBFulton
60%
SSHooker
60%
LTLewan
60%
RGDavis
50%
LCBFarley
50%
WLBLandry
50%
NTTart
50%
WR3Westbrook-Ikhine
50%
RDEAutry
40%
RILBCunningham
30%
LG
Brewer
30%
SLBDupree
30%
FBCarter
20%
LILBLong Jr.
20%
RTRadunz
20%

Score Distribution

Percentile by Number Answered

Percent of People with Each Score

Your Score History

You have not taken this quiz